| 000 | 00532nam a22001937a 4500 | ||
|---|---|---|---|
| 003 | MPLRDC | ||
| 005 | 20220104143215.0 | ||
| 008 | 210129b ||||| |||| 00| 0 eng d | ||
| 020 | _a978-986-229-145-0 | ||
| 082 | _a296.1 NEI c.2 | ||
| 100 | _aSHARON NEILL | ||
| 245 |
_a盲眼灵媒眼中的世界 _c殷小路 译 |
||
| 250 | _a初版 | ||
| 260 |
_a台湾 _b三采文化出版事业有限公司 _c2009 |
||
| 300 | _b284 | ||
| 490 | _aFOCUS. 09 | ||
| 650 | _a通灵术; 心灵术--通灵、观灵 | ||
| 942 |
_cBK _o296.1 NEI c.2 |
||
| 999 |
_c37660 _d37650 |
||